| 000 | 00648naa a2200205 4500 | ||
|---|---|---|---|
| 001 | 161255 | ||
| 003 | ES-MaBCM | ||
| 005 | 20241016190453.0 | ||
| 008 | 081008s2008 gbr|r0p 0 ||eng d | ||
| 021 | _axx | ||
| 035 | _a(OCoLC)1365198620 | ||
| 040 | _cES-MaBCM | ||
| 100 | 1 |
_aBüchs, Milena _984682 |
|
| 245 | 0 | 0 |
_aHow legitimate is the open method of co-ordination? _cMilena Büchs |
| 520 | 0 | _aContiene bibliografía | |
| 773 | 0 |
_aEn: _tJournal of common market studies _dOxford _w104670 _gVol. 46, no. 4 (Sept. 2008), p. 765-786 |
|
| 942 | _cAREV | ||
| 999 |
_c161255 _d161255 |
||
| 610 |
_aOrganización Mundial del Comercio _952685 |
||
| 650 | 0 |
_aCrisis sanitaria _9127584 |
|